Bytový dom
Saved in:
| Main Author: | |
|---|---|
| Other Authors: | |
| Format: | Manuscript Book |
| Language: | Slovak |
| Published: |
2022
|
| Subjects: | |
| Online Access: | http://is.stuba.sk/zp/portal_zp.pl?podrobnosti=155996 https://opac.crzp.sk/?fn=detailBiblioForm&sid=EC9507141B5FF6F04500CAC822A1 |
| Tags: |
No Tags, Be the first to tag this record!
|
MARC
| LEADER | 00000ntm a22000003a 4500 | ||
|---|---|---|---|
| 001 | stuzp90922 | ||
| 003 | SK-STU | ||
| 005 | 20230509093458.8 | ||
| 007 | ta | ||
| 008 | 150427s2015----xo-----f-mn---000-0-slo-d | ||
| 040 | |a STU |b slo | ||
| 041 | 0 | |a slo | |
| 100 | 1 | |a Miklovič, Richard |u 010270 |4 aut |U SvF Stavebná fakulta |T SvF Katedra technológie stavieb |X 103914 |U V270 |Y 28 |7 103914 | |
| 242 | 0 | 1 | |a Flat House |y eng |
| 245 | 1 | 0 | |a Bytový dom |
| 260 | |c 2022 | ||
| 650 | 4 | |a bytový dom |2 slo | |
| 650 | 4 | |a rekuperácia vzduchu |2 slo | |
| 650 | 4 | |a potrubie |2 slo | |
| 650 | 4 | |a apartment building |2 eng | |
| 650 | 4 | |a air recuperation |2 eng | |
| 650 | 4 | |a ductwork |2 eng | |
| 700 | 1 | |a Petro, Marek |u 010270 |k Z1 |4 ths |U SvF Stavebná fakulta |T SvF Katedra technológie stavieb |X 18958 |U V270 |Y 28 |7 A000018958 | |
| 856 | 4 | |u http://is.stuba.sk/zp/portal_zp.pl?podrobnosti=155996 | |
| 856 | 4 | |u https://opac.crzp.sk/?fn=detailBiblioForm&sid=EC9507141B5FF6F04500CAC822A1 | |